00449nam a2200145Ia 4500008004100000020001800041082001400059100002200073245002800095260000800123500001000131942000700141952014000148999001500288260604s9999 xx 000 0 und d a9780141371344 a808.3 DAH aROALD DAHL935352 0aBoy: Tales of Childhood bPRH aTales cBK 00104070aIIMVbIIMVcChildren collectiond2026-06-04g399.00l0o808.3 DAHp003763r2026-06-04 10:19:07v399.00w2026-06-04yBKBDAH c8145d8145